[Event "POL-chT 2nd League"]
[Site "Szklarska Poreba"]
[Date "2017.09.10"]
[Round "9.15"]
[White "Parol, Pola"]
[Black "Kmiecik, Emilia"]
[Result "1-0"]
[WhiteElo "1968"]
[BlackElo "1786"]
[PlyCount "66"]
[EventDate "2017.09.02"]
[EventType "team-swiss"]
[EventRounds "9"]
[EventCountry "POL"]
[SourceTitle "CBM 180 Extra"]
[Source "ChessBase"]
[SourceDate "2017.10.06"]
[SourceVersion "1"]
[SourceVersionDate "2017.10.06"]
[SourceQuality "1"]
[WhiteTeam "Minsk Mazowiecki MTSz"]
[BlackTeam "Przedwojow Debiut"]
[WhiteTeamCountry "POL"]
[BlackTeamCountry "POL"]

1. e4 c5 2. Nf3 d6 3. d4 cxd4 4. Nxd4 Nf6 5. Nc3 a6 6. Nb3 Nc6 7. Be3 b5 8. a4 b4 9. Nd5 Nxd5 10. exd5 Ne5 11. a5 e6 12. f4 Ng6 13. Qd2 Be7 14. Bb6 Qd7 15. 0-0-0 0-0 16. Bd3 Qa4 17. Kb1 exd5 18. h4 Bf6 19. h5 Ne7 20. Be2 Nc6 21. g4 h6 22. g5 hxg5 23. fxg5 Be5 24. g6 Be6 25. gxf7+ Rxf7 26. h6 d4 27. hxg7 Bxg7 28. Bh5 Rf6 29. Qg5 Rf5 30. Qg3 Rxa5 31. Rhg1 Qa2+ 32. Kc1 Ra7 33. Bxa7 Nb8 1-0

[Event "POL-chT 2nd League"]
[Site "Szklarska Poreba"]
[Date "2017.09.09"]
[Round "8.15"]
[White "Kowalski, Maciej"]
[Black "Kmiecik, Emilia"]
[Result "1-0"]
[WhiteElo "2060"]
[BlackElo "1786"]
[PlyCount "153"]
[EventDate "2017.09.02"]
[EventType "team-swiss"]
[EventRounds "9"]
[EventCountry "POL"]
[SourceTitle "CBM 180 Extra"]
[Source "ChessBase"]
[SourceDate "2017.10.06"]
[SourceVersion "1"]
[SourceVersionDate "2017.10.06"]
[SourceQuality "1"]
[WhiteTeam "Grzybowo GKSz Solny"]
[BlackTeam "Przedwojow Debiut"]
[WhiteTeamCountry "POL"]
[BlackTeamCountry "POL"]

1. d4 d5 2. c4 c6 3. Nf3 Nf6 4. e3 Bg4 5. Qb3 Qc7 6. Ne5 e6 7. Nc3 Bf5 8. f3 Be7 9. g4 Bg6 10. h4 h6 11. Nxg6 fxg6 12. Kf2 Rf8 13. Kg2 dxc4 14. Bxc4 Nd5 15. Bd3 g5 16. Bg6+ Kd8 17. hxg5 Bxg5 18. Ne2 Nd7 19. f4 Be7 20. e4 Nxf4+ 21. Nxf4 Rxf4 22. Bxf4 Qxf4 23. Rhf1 Qxg4+ 24. Qg3 Qe2+ 25. Rf2 Qb5 26. Raf1 Nb6 27. Rf8+ Kd7 28. R8f7 Re8 29. Rxg7 Qxb2+ 30. Rf2 Qxd4 31. Bxe8+ Kxe8 32. Qb8+ Bd8 33. Rg8+ Ke7 34. Qxb7+ Nd7 35. Qxc6 Bb6 36. Rf1 Qd2+ 37. Kh1 Qd3 38. Rg7+ Kd8 39. Rxd7+ Qxd7 40. Rf8+ Ke7 41. Rf7+ Kxf7 42. Qxd7+ Kf6 43. Kg2 h5 44. Qb5 e5 45. Qe8 Bd4 46. Kh3 Kg5 47. Qe7+ Kf4 48. Qh4+ Kf3 49. Qe1 Bf2 50. Qb1 Kf4 51. Qd3 h4 52. Qe2 Bg3 53. Kg2 Kg5 54. Kf3 Bf4 55. Qa6 h3 56. Qxa7 h2 57. Kg2 Kg4 58. a4 h1Q+ 59. Kxh1 Kf3 60. Qb7 Be3 61. a5 Bd4 62. a6 Be3 63. a7 Bxa7 64. Qxa7 Kxe4 65. Kg2 Kd3 66. Qd7+ Ke3 67. Kf1 e4 68. Ke1 Kf3 69. Qh3+ Kf4 70. Ke2 Ke5 71. Ke3 Kd5 72. Qf5+ Kd6 73. Kxe4 Ke7 74. Ke5 Kd8 75. Qf7 Kc8 76. Kd6 Kb8 77. Kc6 1-0

[Event "POL-chT 2nd League"]
[Site "Ustron"]
[Date "2008.09.08"]
[Round "3.66"]
[White "Gonsior, Monika"]
[Black "Kmiecik, Emilia"]
[Result "1-0"]
[WhiteElo "2131"]
[BlackElo "1860"]
[PlyCount "93"]
[EventDate "2008.09.06"]
[EventType "team-swiss"]
[EventRounds "9"]
[EventCountry "POL"]
[SourceTitle "EXT 2015"]
[Source "ChessBase"]
[SourceDate "2014.11.20"]
[SourceVersion "1"]
[SourceVersionDate "2014.11.20"]
[SourceQuality "1"]
[WhiteTeam "Czerwionka Gornik 23"]
[BlackTeam "Walbrzych KSz Hetman"]
[WhiteTeamCountry "POL"]
[BlackTeamCountry "POL"]

1. e4 c5 2. Nf3 Nc6 3. d4 cxd4 4. Nxd4 a6 5. c4 g6 6. Nxc6 dxc6 7. Bd3 Bg7 8. 0-0 e5 9. Nc3 Ne7 10. Be3 0-0 11. Qb3 b5 12. Rfd1 Qc7 13. Rac1 Be6 14. Nd5 Qb7 15. Nb6 Rab8 16. Qa3 Nc8 17. c5 Re8 18. b4 Ne7 19. Bc2 Nc8 20. Bb3 Nxb6 21. Bxe6 Rxe6 22. cxb6 Bf8 23. Bc5 Ree8 24. Qd3 Qa8 25. Qd7 a5 26. Bxf8 Rxf8 27. Qxc6 Qa6 28. bxa5 Qxa5 29. b7 Qa7 30. Rd7 Qxa2 31. Qxb5 Qa3 32. Rcd1 Qc3 33. h3 h5 34. Qb6 Kg7 35. Kh2 Qc2 36. Rd8 Rfxd8 37. Rxd8 Rxd8 38. Qxd8 Qxe4 39. Qb6 h4 40. Qb2 Qf4+ 41. g3 hxg3+ 42. fxg3 Qe3 43. b8Q f6 44. Q2b7+ Kh6 45. Qh8+ Kg5 46. Qh4+ Kf5 47. Qg4# 1-0

[Event "POL Academic Cup 2nd"]
[Site "Wroclaw"]
[Date "2007.05.01"]
[Round "5"]
[White "Nasuta, Grzegorz"]
[Black "Kmiecik, Emilia"]
[Result "1-0"]
[WhiteElo "1942"]
[BlackElo "1879"]
[PlyCount "65"]
[EventDate "2007.04.28"]
[EventType "swiss"]
[EventRounds "9"]
[EventCountry "POL"]
[SourceTitle "EXT 2011"]
[Source "ChessBase"]
[SourceDate "2010.11.26"]
[SourceVersion "1"]
[SourceVersionDate "2010.11.26"]
[SourceQuality "1"]

1. e4 Nf6 2. e5 Nd5 3. d4 d6 4. exd6 exd6 5. c4 Nf6 6. Bd3 Nc6 7. Nf3 Be7 8. 0-0 Bg4 9. Be3 0-0 10. Nbd2 Nb4 11. Bb1 a5 12. a3 Na6 13. Qb3 b6 14. d5 Nc5 15. Qc2 Bh5 16. Nd4 Bg6 17. Qd1 Qd7 18. Bxg6 hxg6 19. Nc6 Rfe8 20. b4 axb4 21. axb4 Nd3 22. Qb3 Ne5 23. b5 Nxc6 24. bxc6 Qf5 25. Nf3 Ng4 26. Bd2 Bf6 27. Rxa8 Rxa8 28. h3 Ne5 29. Nd4 Qe4 30. Be3 Ra5 31. Rc1 Nd3 32. Rc2 Nc5 33. Qc3 1-0

[Event "POL-chT 2nd League"]
[Site "Lublin"]
[Date "2006.09.10"]
[Round "9.90"]
[White "Kucypera, Malgorzata"]
[Black "Kmiecik, Emilia"]
[Result "1-0"]
[WhiteElo "2029"]
[BlackElo "1865"]
[PlyCount "69"]
[EventDate "2006.09.02"]
[EventType "team-swiss"]
[EventRounds "9"]
[EventCountry "POL"]
[SourceTitle "EXT 2019"]
[Source "ChessBase"]
[SourceDate "2018.10.10"]
[SourceVersion "1"]
[SourceVersionDate "2018.10.10"]
[SourceQuality "1"]
[WhiteTeam "Wroclaw AZS Politechnika"]
[BlackTeam "Przedwojow Debiut"]
[WhiteTeamCountry "POL"]
[BlackTeamCountry "POL"]

1. e4 c5 2. Nf3 Nc6 3. d4 cxd4 4. Nxd4 g6 5. c4 Bg7 6. Be3 d6 7. Nc3 Nf6 8. Be2 0-0 9. f3 Ne8 10. Nc2 Nc7 11. Qd2 b6 12. h4 Rb8 13. Bh6 Ne6 14. Bxg7 Nxg7 15. h5 Nxh5 16. Qh6 f5 17. g4 fxg4 18. fxg4 Nf6 19. g5 Rf7 20. gxf6 exf6 21. 0-0-0 f5 22. Nb5 Qe7 23. Rxd6 Ne5 24. Ne3 Be6 25. exf5 Bxf5 26. Nd5 Qb7 27. Rf6 Rg7 28. Nd6 Qa6 29. Nxf5 gxf5 30. Rxf5 Ng4 31. Bxg4 Qxc4+ 32. Kb1 Qd3+ 33. Ka1 Rd8 34. Nf6+ Kh8 35. Qxh7+ 1-0

[Event "POL-chT 2nd League"]
[Site "Lublin"]
[Date "2006.09.09"]
[Round "8.108"]
[White "Kmiecik, Emilia"]
[Black "Kasprzyk, Irena"]
[Result "0-1"]
[WhiteElo "1865"]
[BlackElo "2110"]
[PlyCount "78"]
[EventDate "2006.09.02"]
[EventType "team-swiss"]
[EventRounds "9"]
[EventCountry "POL"]
[SourceTitle "EXT 2019"]
[Source "ChessBase"]
[SourceDate "2018.10.10"]
[SourceVersion "1"]
[SourceVersionDate "2018.10.10"]
[SourceQuality "1"]
[WhiteTeam "Przedwojow Debiut"]
[BlackTeam "Lublin AZS UMCS II"]
[WhiteTeamCountry "POL"]
[BlackTeamCountry "POL"]

1. d4 f5 2. c4 g6 3. Nc3 Nf6 4. g3 Bg7 5. Bg2 d6 6. e3 c6 7. Nge2 0-0 8. 0-0 Qc7 9. Qc2 e5 10. b3 Be6 11. dxe5 dxe5 12. Ba3 Rd8 13. Rfd1 Na6 14. Rxd8+ Rxd8 15. Rd1 Bf8 16. Bb2 Nb4 17. Qb1 Rd7 18. a3 Na6 19. Qc2 Qc8 20. Rxd7 Qxd7 21. Na4 Qd6 22. b4 b6 23. Nc1 Nd7 24. Nd3 g5 25. f4 gxf4 26. exf4 e4 27. Nc1 c5 28. b5 Nc7 29. Qc3 Qd1+ 30. Bf1 Qxa4 31. Qh8+ Kf7 32. Qxh7+ Ke8 33. g4 Qd1 34. Ne2 Qd2 35. Bc1 Qd3 36. g5 Qxc4 37. g6 Bg8 38. Qh5 Bg7 39. Qxf5 Qe6 0-1

[Event "POL-chT 2nd League"]
[Site "Wysowa"]
[Date "2005.09.02"]
[Round "7.66"]
[White "Kucypera, Malgorzata"]
[Black "Kmiecik, Emilia"]
[Result "0-1"]
[WhiteElo "2039"]
[BlackElo "1800"]
[PlyCount "101"]
[EventDate "2005.08.27"]
[EventType "team-swiss"]
[EventRounds "9"]
[EventCountry "POL"]
[SourceTitle "EXT 2019"]
[Source "ChessBase"]
[SourceDate "2018.10.10"]
[SourceVersion "1"]
[SourceVersionDate "2018.10.10"]
[SourceQuality "1"]
[WhiteTeam "Wroclaw AZS Politechnika"]
[BlackTeam "Przedwojow Debiut"]
[WhiteTeamCountry "POL"]
[BlackTeamCountry "POL"]

1. e4 Nf6 2. e5 Nd5 3. d4 d6 4. exd6 exd6 5. Nf3 Bg4 6. Be2 Be7 7. 0-0 0-0 8. c4 Nb6 9. Nbd2 Nc6 10. b3 Re8 11. Bb2 Bf6 12. a3 a6 13. Re1 Bf5 14. Nf1 Qd7 15. Qd2 Re7 16. Ne3 Bg6 17. Rad1 Rae8 18. h3 h5 19. d5 Ne5 20. Nd4 Qc8 21. f4 Ned7 22. Bf3 Nc5 23. f5 Bh7 24. b4 Nb3 25. Qf2 Nxd4 26. Bxd4 Bxd4 27. Rxd4 Bxf5 28. Bxh5 g6 29. Bd1 Re5 30. Rh4 Qd8 31. Nxf5 Rxe1+ 32. Kh2 Qf6 33. Nh6+ Kg7 34. Rf4 Qe5 35. Ng4 Qe7 36. Qb2+ Re5 37. Nxe5 dxe5 38. Bb3 f5 39. Rf1 Qh4 40. Qc3 Qf6 41. c5 Nc8 42. Rd1 e4 43. Qc4 e3 44. d6 cxd6 45. cxd6 Nxd6 46. Qc7+ Re7 47. Qc2 Qe5+ 48. Kg1 e2 49. Re1 Qe6 50. Kh2 f4 51. Qb2+ 0-1

[Event "POL-chT 2nd League"]
[Site "Wysowa"]
[Date "2005.09.01"]
[Round "6.84"]
[White "Kmiecik, Emilia"]
[Black "Wesolowska, Hanna"]
[Result "0-1"]
[WhiteElo "1800"]
[BlackElo "2093"]
[PlyCount "70"]
[EventDate "2005.08.27"]
[EventType "team-swiss"]
[EventRounds "9"]
[EventCountry "POL"]
[SourceTitle "EXT 2019"]
[Source "ChessBase"]
[SourceDate "2018.10.10"]
[SourceVersion "1"]
[SourceVersionDate "2018.10.10"]
[SourceQuality "1"]
[WhiteTeam "Przedwojow Debiut"]
[BlackTeam "Pawlowice GKS Pniowek 74"]
[WhiteTeamCountry "POL"]
[BlackTeamCountry "POL"]

1. d4 d5 2. c4 dxc4 3. e3 Nf6 4. Bxc4 e6 5. Nf3 Be7 6. 0-0 0-0 7. Nc3 c6 8. a3 b6 9. b4 Nbd7 10. Bb2 Bb7 11. Qe2 a5 12. b5 c5 13. Na4 Rc8 14. dxc5 Bxc5 15. Nxc5 Nxc5 16. Rfd1 Qe7 17. Nd4 Nfe4 18. a4 Qg5 19. f3 Nd6 20. Bd3 Nxd3 21. Rxd3 Nc4 22. Bc1 Qc5 23. Rc3 Qd5 24. Nc6 Bxc6 25. Rxc4 Bxb5 26. axb5 Rxc4 27. e4 Qxb5 28. Qd2 Rfc8 29. Ba3 Rc2 30. Qd1 Qb3 31. h3 Qe3+ 32. Kh1 b5 33. Kh2 Qf2 34. Qg1 Qxg1+ 35. Rxg1 b4 0-1

[Event "POL-chT 2nd League"]
[Site "Wysowa"]
[Date "2005.08.30"]
[Round "4.96"]
[White "Kmiecik, Emilia"]
[Black "Leszner, Liliana"]
[Result "1/2-1/2"]
[WhiteElo "1800"]
[BlackElo "2140"]
[PlyCount "86"]
[EventDate "2005.08.27"]
[EventType "team-swiss"]
[EventRounds "9"]
[EventCountry "POL"]
[SourceTitle "EXT 2019"]
[Source "ChessBase"]
[SourceDate "2018.10.10"]
[SourceVersion "1"]
[SourceVersionDate "2018.10.10"]
[SourceQuality "1"]
[WhiteTeam "Przedwojow Debiut"]
[BlackTeam "Lodz Szach Centrum"]
[WhiteTeamCountry "POL"]
[BlackTeamCountry "POL"]

1. d4 Nf6 2. c4 c5 3. dxc5 Qa5+ 4. Nc3 Qxc5 5. e3 g6 6. Nf3 Bg7 7. Be2 0-0 8. 0-0 d6 9. Bd2 Bg4 10. Rc1 Nbd7 11. b3 a6 12. h3 Bxf3 13. Bxf3 Rab8 14. Nd5 Nxd5 15. Bxd5 b5 16. b4 Qb6 17. cxb5 axb5 18. Rc6 Qa7 19. Qc2 Nb6 20. Bb3 Rfc8 21. Rc1 e6 22. Qd3 Rxc6 23. Rxc6 d5 24. Rc2 Nc4 25. Bc3 Bxc3 26. Rxc3 Qe7 27. a4 bxa4 28. Bxc4 dxc4 29. Rxc4 Rxb4 30. Rc8+ Kg7 31. Qc3+ e5 32. Rc5 Rb3 33. Qxe5+ Qxe5 34. Rxe5 Rb1+ 35. Kh2 a3 36. Ra5 Ra1 37. Kg3 Kf6 38. Kf3 Ke6 39. g3 h5 40. h4 a2 41. Ke4 Kd6 42. f3 f6 43. Ra8 Ke6 1/2-1/2